LEADER 01383nas 2200445-a 450 001 996212730903316 005 20160414032510.6 011 $a1609-1159 035 $a(OCoLC)55042905 035 $a(CKB)111077820651190 035 $a(CONSER)--2004257060 100 $a20040428b19932005 s-- - 101 0 $aeng 135 $aurcn||||||||| 181 $ctxt$2rdacontent 182 $cc$2rdamedia 183 $acr$2rdacarrier 200 10$aDiffusion 210 $aGrand-Saconnex (Geneva), Switzerland $cEuropean Broadcasting Union 311 $a1021-3465 517 1 $aDiffusion EBU 606 $aTelevision broadcasting$zEurope$vPeriodicals 606 $aRadio broadcasting$zEurope$vPeriodicals 606 $aPublic broadcasting$zEurope$vPeriodicals 606 $aPublic broadcasting$2fast$3(OCoLC)fst01082080 606 $aRadio broadcasting$2fast$3(OCoLC)fst01087224 606 $aTelevision broadcasting$2fast$3(OCoLC)fst01146714 607 $aEurope$2fast 608 $aPeriodicals.$2fast 615 0$aTelevision broadcasting 615 0$aRadio broadcasting 615 0$aPublic broadcasting 615 7$aPublic broadcasting. 615 7$aRadio broadcasting. 615 7$aTelevision broadcasting. 712 02$aEuropean Broadcasting Union. 906 $aJOURNAL 912 $a996212730903316 996 $aDIFFUSION$9134703 997 $aUNISA LEADER 03906nam 22004575 450 001 9910300859303321 005 20200630134907.0 010 $a3-319-63219-1 024 7 $a10.1007/978-3-319-63219-3 035 $a(CKB)4100000000882077 035 $a(DE-He213)978-3-319-63219-3 035 $a(MiAaPQ)EBC5107751 035 $a(EXLCZ)994100000000882077 100 $a20171016d2018 u| 0 101 0 $aeng 135 $aurnn|008mamaa 181 $ctxt$2rdacontent 182 $cc$2rdamedia 183 $acr$2rdacarrier 200 10$a(En)Gendering Taiwan $eThe Rise of Taiwanese Feminism /$fedited by Ya-chen Chen 205 $a1st ed. 2018. 210 1$aCham :$cSpringer International Publishing :$cImprint: Springer,$d2018. 215 $a1 online resource (VII, 180 p. 3 illus.) 311 $a3-319-63217-5 320 $aIncludes bibliographical references at the end of each chapters. 327 $aChapter 1. (En)Gendering Taiwan (Ya-chen chen) -- Chapter 2. Indigenous Concepts of Marriage in 17th Century Sincan (Hsin-kang): Impressions Gathered from the Letters of the Dutch Ministers Georgius (Natalie Everts) -- Chapter 3. Taiwanese Communist Feminist, Xie Xuehong: Li Ang?s Literary Portrait of Xie Xuehong?s Pre-1949 Feminist Activism in Taiwan (Ya-chen chen) -- Chapter 4. ?The Only Thing Oriental about Me Is My Face?: The True Picture of Madame Chiang Kai-shek (Daniel Palm) -- Chapter 5. Cinematic Metaphors of Autumn Cicadas and Chilling Cicadas: The Way out of Legal Bottlenecks in Sex Appeal (Ya-chen chen) -- Chapter 6. An Investigation of the Huangmei Opera Film Genre: The Audience?s Perception of Ling Po?s Male Impersonation (Yeong-Rury Chen) -- Chapter 7. Factors Promoting Women?s Participation in Taiwan?s Politics (Cal Clark) -- Chapter 8. Gendering of Academic in Taiwan: From Women?s Studies to Gender Studies, 1985-2005 (Bih-Er Chou) -- Chapter 9. From Women in Taiwan?s TCM History to Recent Case Studies of Gender Practice under the Academic Glass Ceiling (Jaung-gong Lin). 330 $aThis book highlights the diversity and richness of non-Mainland China and Taiwan-oriented gender issues from a unique Taiwanese perspective, in contrast to previous studies that have often placed Taiwanese gender issues under the huge umbrella of Mainland Chinese, Communist Chinese, or P.R.C. women?s and gender studies. In a follow-up dialogue to and with Liu?s, Karl?s, and Ko?s The Birth of Chinese Feminism, this book looks at the various metaphorical details of that ?birth? and the different dimensions of Mainland Chinese versus Taiwanese feminism and gender issues. Although Chinese-heritage people share similar traditions, different gender problems have occurred in and challenged various local conditions of Chinese-speaking areas. Taiwan?s gender issues have reflected Taiwan?s unique historical, sociocultural, economic, political, (post)colonial, military, and diplomatic backgrounds, in ways unfamiliar to the many people with a Chinese background who are not Taiwanese. This volume gives a historical outline of the people and events that paved the way for the rise of Taiwanese feminism, and includes portraits of famous feminists, gender issues in institutions, and a variety of gender concerns. 606 $aSociology 606 $aCultural studies 606 $aGender Studies$3https://scigraph.springernature.com/ontologies/product-market-codes/X35000 606 $aCultural Studies$3https://scigraph.springernature.com/ontologies/product-market-codes/X22040 615 0$aSociology. 615 0$aCultural studies. 615 14$aGender Studies. 615 24$aCultural Studies. 676 $a305.420951249 702 $aChen$b Ya-chen$4edt$4http://id.loc.gov/vocabulary/relators/edt 906 $aBOOK 912 $a9910300859303321 996 $aEn)Gendering Taiwan$91991435 997 $aUNINA LEADER 05420oam 22012854 450 001 9910973686803321 005 20250426110559.0 010 $a9781513564326 010 $a1513564323 010 $a9781513542270 010 $a1513542273 035 $a(CKB)3710000000440129 035 $a(EBL)2076489 035 $a(SSID)ssj0001538886 035 $a(PQKBManifestationID)11846165 035 $a(PQKBTitleCode)TC0001538886 035 $a(PQKBWorkID)11528622 035 $a(PQKB)11741077 035 $a(Au-PeEL)EBL2076489 035 $a(CaPaEBR)ebr11069799 035 $a(OCoLC)912238362 035 $a(IMF)WPIEE2015119 035 $a(IMF)WPIEA2015119 035 $a(MiAaPQ)EBC2076489 035 $aWPIEA2015119 035 $a(EXLCZ)993710000000440129 100 $a20020129d2015 uf 0 101 0 $aeng 135 $aur|n|---||||| 181 $ctxt 182 $cc 183 $acr 200 10$aMake in India : $eWhich Exports Can Drive the Next Wave of Growth? /$fRahul Anand, Kalpana Kochhar, Saurabh Mishra 205 $a1st ed. 210 1$aWashington, D.C. :$cInternational Monetary Fund,$d2015. 215 $a1 online resource (92 p.) 225 1 $aIMF Working Papers 300 $aDescription based upon print version of record. 311 08$a9781513597393 311 08$a1513597396 327 $aCover Page; Title Page; Copyright Page; I. Introduction and Motivation; II. The Evolution of India's Export Basket; III. The Transformation of India's Exports; IV. Implications of The Evolution of Indian Exports; V. The Way Forward; Appendix on Methods; Diversification; Technology Intensity of Exports; Quality; Relative Comparative Advantage (RCA); Sophistication; Indicators used in Product Space Analysis; Bi-Partite Network Structure - Complexity; Complexity; References; Footnotes 330 3 $aStructural transformation depends not only on how much countries export but also on what they export and with whom they trade. This paper breaks new ground in analyzing India?s exports by the technological content, quality, sophistication, and complexity of the export basket. We identify five priority areas for policies: (1) reduction of trade costs, at and behind the border; (2) further liberalization of FDI including through simplification of regulations and procedures; (3) improving infrastructure including in urban areas to enhance manufacturing and services in cities; (4) preparing labor resources (skills) and markets (flexibility) for the technological progress that will shape jobs in the years ahead; and (5) creating an enabling environment for innovation and entrepreneurship to draw the economy into higher productivity activities. 410 0$aIMF Working Papers; Working Paper ;$vNo. 2015/119 606 $aExports$zIndia 606 $aManufacturing industries$zIndia 606 $aExports and Imports$2imf 606 $aMacroeconomics$2imf 606 $aIndustries: Manufacturing$2imf 606 $aEmpirical Studies of Trade$2imf 606 $aIndustrialization$2imf 606 $aManufacturing and Service Industries$2imf 606 $aChoice of Technology$2imf 606 $aDevelopment Planning and Policy: Trade Policy$2imf 606 $aFactor Movement$2imf 606 $aForeign Exchange Policy$2imf 606 $aComparative Studies of Countries$2imf 606 $aTrade: General$2imf 606 $aNeoclassical Models of Trade$2imf 606 $aIndustry Studies: Manufacturing: General$2imf 606 $aPersonal Income, Wealth, and Their Distributions$2imf 606 $aInternational economics$2imf 606 $aManufacturing industries$2imf 606 $aExports$2imf 606 $aService exports$2imf 606 $aComparative advantage$2imf 606 $aManufacturing$2imf 606 $aPersonal income$2imf 606 $aInternational trade$2imf 606 $aEconomic sectors$2imf 606 $aNational accounts$2imf 606 $aIncome$2imf 607 $aIndia$xCommerce 607 $aIndia$2imf 615 0$aExports 615 0$aManufacturing industries 615 7$aExports and Imports 615 7$aMacroeconomics 615 7$aIndustries: Manufacturing 615 7$aEmpirical Studies of Trade 615 7$aIndustrialization 615 7$aManufacturing and Service Industries 615 7$aChoice of Technology 615 7$aDevelopment Planning and Policy: Trade Policy 615 7$aFactor Movement 615 7$aForeign Exchange Policy 615 7$aComparative Studies of Countries 615 7$aTrade: General 615 7$aNeoclassical Models of Trade 615 7$aIndustry Studies: Manufacturing: General 615 7$aPersonal Income, Wealth, and Their Distributions 615 7$aInternational economics 615 7$aManufacturing industries 615 7$aExports 615 7$aService exports 615 7$aComparative advantage 615 7$aManufacturing 615 7$aPersonal income 615 7$aInternational trade 615 7$aEconomic sectors 615 7$aNational accounts 615 7$aIncome 676 $a382.0954 700 $aAnand$b Rahul$01107318 701 $aKochhar$b Kalpana$01604024 701 $aMishra$b Saurabh$01816172 801 0$bDcWaIMF 906 $aBOOK 912 $a9910973686803321 996 $aMake in India$94371915 997 $aUNINA LEADER 04284nam 22006495 450 001 9910337875003321 005 20251116212045.0 010 $a3-662-58175-2 024 7 $a10.1007/978-3-662-58175-9 035 $a(CKB)4100000007656780 035 $a(DE-He213)978-3-662-58175-9 035 $a(MiAaPQ)EBC5921061 035 $a(PPN)235001597 035 $a(EXLCZ)994100000007656780 100 $a20190219d2019 u| 0 101 0 $aeng 135 $aurnn#008mamaa 181 $ctxt$2rdacontent 182 $cc$2rdamedia 183 $acr$2rdacarrier 200 14$aThe History and Science of the Manhattan Project /$fby Bruce Cameron Reed 205 $a2nd ed. 2019. 210 1$aBerlin, Heidelberg :$cSpringer Berlin Heidelberg :$cImprint: Springer,$d2019. 215 $a1 online resource (XVIII, 538 p. 190 illus., 27 illus. in color.) 225 1 $aUndergraduate Lecture Notes in Physics,$x2192-4791 311 08$a3-662-58174-4 327 $aIntroduction and Overview -- A Short History of Nuclear Physics to the Mid-1930s -- The Discovery and Interpretation of Nuclear Fission -- Organizing the Manhattan Project, 1939-1943 -- Oak Ridge, CP-1, and the Clinton Engineer Works -- The Hanford Engineer Works -- Los Alamos, Trinity, and Tinian -- Hiroshima and Nagasaki -- The German Nuclear Program -- The Legacy of Manhattan -- Glossary -- Index. 330 $aThe development of atomic bombs under the auspices of the U.S. Army?s Manhattan Project during World War II is considered to be the outstanding news story of the twentieth century. In this book, a physicist and expert on the history of the Project presents a comprehensive overview of this momentous achievement. The first three chapters cover the history of nuclear physics from the discovery of radioactivity to the discovery of fission, and would be ideal for instructors of a sophomore-level ?Modern Physics? course. Student-level exercises at the ends of the chapters are accompanied by answers. Chapter 7 covers the physics of first-generation fission weapons at a similar level, again accompanied by exercises and answers. For the interested layman and for non-science students and instructors, the book includes extensive qualitative material on the history, organization, implementation, and results of the Manhattan Project and the Hiroshima and Nagasaki bombing missions. The reader also learns about the legacy of the Project as reflected in the current world stockpiles of nuclear weapons. This second edition contains important revisions and additions, including a new chapter on the German atomic bomb program and new sections on British and Canadian contributions to the Manhattan project and on feed materials. Several other sections have been expanded; reader feedback has been helpful in introducing minor corrections and improved explanations; and, last but not least, the second edition includes a detailed index. . 410 0$aUndergraduate Lecture Notes in Physics,$x2192-4791 606 $aFísica nuclear$2thub 606 $aHistòria de la física$2thub 606 $aNuclear physics 606 $aHeavy ions 606 $aPhysics 606 $aNuclear chemistry 606 $aNuclear Physics, Heavy Ions, Hadrons$3https://scigraph.springernature.com/ontologies/product-market-codes/P23010 606 $aHistory and Philosophical Foundations of Physics$3https://scigraph.springernature.com/ontologies/product-market-codes/P29000 606 $aNuclear Chemistry$3https://scigraph.springernature.com/ontologies/product-market-codes/C31000 608 $aLlibres electrònics$2thub 615 7$aFísica nuclear. 615 7$aHistòria de la física 615 0$aNuclear physics. 615 0$aHeavy ions. 615 0$aPhysics. 615 0$aNuclear chemistry. 615 14$aNuclear Physics, Heavy Ions, Hadrons. 615 24$aHistory and Philosophical Foundations of Physics. 615 24$aNuclear Chemistry. 676 $a539.709 700 $aReed$b Bruce Cameron$4aut$4http://id.loc.gov/vocabulary/relators/aut$0947691 801 0$bMiAaPQ 801 1$bMiAaPQ 801 2$bMiAaPQ 906 $aBOOK 912 $a9910337875003321 996 $aThe History and Science of the Manhattan Project$92517317 997 $aUNINA